Kvalita života v mestách

Identifikácia a porovnanie niektorých aspektov kvality života v mestách. Faktory atraktívnosti mesta v Slovenskej republike. Rebríček miest v Českej republike podľa kvality života.

Saved in:
Bibliographic Details
Main Author: Gajdoš, Jozef, 1962-2025
Format: Book Chapter
Language:Slovak
Subjects:
Tags: Add Tag
No Tags, Be the first to tag this record!

MARC

LEADER 00000naa a2200000 4500
001 0134892
005 20240502072520.5
041 0 |a slo 
044 |a SK 
245 1 0 |a Kvalita života v mestách  |c Jozef Gajdoš 
520 |a Identifikácia a porovnanie niektorých aspektov kvality života v mestách. Faktory atraktívnosti mesta v Slovenskej republike. Rebríček miest v Českej republike podľa kvality života. 
610 2 0 |a kvalita života 
610 2 0 |a analýza ekonomická 
610 2 0 |a Slovensko 
610 2 0 |a mestá 
610 2 0 |a Česko 
100 1 |a Gajdoš, Jozef, 1962-2025